Normal view
MARC view
- General S.L.A. Marshall
Entry Personal Name
001 - CONTROL NUMBER
- control field: 110175
003 - CONTROL NUMBER IDENTIFIER
- control field: NUST
005 - DATE AND TIME OF LATEST TRANSACTION
- control field: 20230313120001.0
008 - FIXED-LENGTH DATA ELEMENTS
- fixed length control field: 230313|| aca||aabn | a|a d
040 ## - CATALOGING SOURCE
- Original cataloging agency: NUST
- Transcribing agency: NUST
100 ## - HEADING--PERSONAL NAME
- Personal name: General S.L.A. Marshall
670 ## - SOURCE DATA FOUND
- Source citation: Work cat.: (NUST)185120: General S.L.A. Marshall, The officer as a leader /, 1966
